000 00985nam a2200229Ii 4500
003 JO-AjNU
008 230605s9999||||xx |||||||||||||| ||und||
017 _a2009/5/1637
020 _a978-9957-24-493-4
040 _aJO-AjNU
_bara
_erda
_cJO-AjNU
041 _aara
050 1 4 _aHF5686.C7.J85 2010
100 3 _aجمعة،احمد حلمي/ م.مشارك: عبد الناصر درويش,
_eauthor
_930448
245 0 0 _aمحاسبة الشركات: وفقا لاحدث التعديلات في المعايير الدولية لاعداد التقارير المالية والتشريعات المحلية
250 _aط1
264 3 1 _aعمان: دار صفاء للنشر والتوزيع، 2010
300 _a536ص
_bيحتوي على ببلوغرافية من ص 533-536ص
336 _atext
_btxt
_2rdacontent
337 _aunmediated
_bn
_2rdamedia
338 _avolume
_bnc
_2rdacarrier
650 4 _aالمحاسبة المالية - محاسبة الشركات
_930449
999 _aA12072
_c15640
_d15640